000 00234 a2200109 4500
245 _aCollected Short Stories
_hText
020 _a0140018743
100 _aW.Somerset Maugham
650 _aliterature
005 20191017173300.0
260 _c1929
084 _aNONE
999 _c10045
_d10045